00674nam a2200205Ia 4500008004100000020001800041082001700059100001700076245002600093250000800119260002900127300000800156500002400164650002400188700002000212942000700232952010600239952010600345999001700451230524s9999 xx 000 0 und d a9788120323810 a621.384bTHO aEdgar Thorpe 0aWinning at Interviews a1ST aNEW DELHIbPearsonc2004 a182 aQuantity Number: 2 aMiscellaneous91877 a Showick Thorpe cBK 00104070aTATCLbTATCLcGENd2023-05-24l0o621.384 THOp6123r2023-05-24w2023-05-24yBKzCPEC5305 00104070aTATCLbTATCLcGENd2023-05-24l0o621.384 THOp6124r2023-05-24w2023-05-24yBKzCPEC5305 c26250d26250